Le paquebot France - Statistiques

Statistiques générales
  • Ce quiz a été pris 18 fois
  • Le résultat moyen est 11 sur 20
Statistiques - réponses
Questions Réponses % Correct
Année de la mise en service du France. 1962
93%
Célèbre château de la Loire, chef d'œuvre architectural du XVIe siècle, qui donnait son nom au restaurant des premières classes sur le paquebot servant du caviar, de l'étuvée dieppoise ou encore du chapon farci. Le Château de Chambord
93%
"Pays breton" où est né le France, comme disait la chanson. Saint-Nazaire
93%
Port d'attache du France. Le Havre
87%
Vieille anglaise dont le chanteur précédent souhaitait que le France ne finisse pas comme elle "échouée si loin de ses falaises, sur un quai de Californie". Le Queen Mary
73%
Chanteur qui sortit un tube vendu à 500 000 exemplaires en deux semaines, en novembre 1975, chanson intitulée "Le France" (musique de Jacques Revaux, paroles de Pierre Delanoë et du chanteur lui-même), et ce pendant que le paquebot moisissait sur son quai. Michel Sardou
73%
Nom sous lequel sera rebaptisé le France en 1979 et sous lequel il vogua en tant que navire de croisières, de 1979 à 2003. Il avait été racheté par un milliardaire saoudien dans un premier temps puis par l'armateur Knut Ulstein Kloster. Norway
67%
Président qui durant sa campagne électorale avait promis de maintenir le France en service. Deux mois après son élection, ce Président donna son accord pour le désarmement du France. Valéry Giscard d'Estaing
67%
Ancien Président américain qui fut le premier ancien chef d'état étranger à voyager sur le France en 1962 et la première des nombreuses personnalités étrangères ou françaises à goûter au luxe de ce palace flottant. Dwight David Eisenhower
47%
Compagnie pour le compte de laquelle le France fut mis en service. La Compagnie générale transatlantique (C.G.T.)
47%
Pays dans lequel le Blue Lady, ex France, est mis à la casse, en 2007, sur le chantier naval de la Baie d'Alang, le plus grand cimetière à bateaux du monde. Les Indes
47%
Innovation technique sur le France, les stabilisateurs de ____, fabriqués par la société "Provence de Constructions navales et industrielles". Roulis
47%
Pays d'Asie sud-est où arrive l'ex-France en 2005, au large de Port Kelang, deux ans après l'explosion de chaudières (mortelle) dans le port précédent. C'est dans ce pays qu'il change pour la dernière fois de nom et fut rebaptisé "Blue Lady". La Malaisie
40%
Film avec Louis de Funès dans lequel la brigade de Saint Tropez embarque sur le France (1965). Le Gendarme à New York
40%
Nouveau port d'attache américain du France, sous son nouveau nom, d'où il fera des croisières en Mer des Caraïbes. Miami
40%
Nom que l'on donnera au quai situé près du port d'attache du France (réponse #2) où le France resta amarré pendant près de cinq ans de 1974 à 1979 : le "Quai de l'___". Oubli
40%
Détroit situé à l'extrême sud de l'Amérique du Sud que franchit le France dans le cadre de son onéreux tour du monde de 1972. Le Détroit de Magellan
33%
Film avec Louis de Funès dans lequel on aperçoit le France arrivant à son port d'attache. Le personnage britannique de Ferdy Maine descend du bateau (1967). Les Grandes vacances
33%
Événement exceptionnel survenu sur le paquebot France en date du 11 septembre 1974, pour protester contre l'annonce du désarmement du bateau faite deux mois plus tôt par le gouvernement. Une mutinerie
33%
Personnage de bande dessinée imaginé par Tibet et André-Pierre Duchâteau, journaliste à la Rafale et protection rapprochée du Pr. Hermelin dans un album appelé "Rapt sur le France" (1968). Ric Hochet
13%
Aucun quiz correspondant
Distribution des résultats
% des personnes avec chaque résultat
Percentile par nombre de réponses
Votre historique - résultats
Vous n’avez pas pris ce quiz